000 00459nam a22001697a 4500
003 LK-CoMWRAF
005 20230908212858.0
008 230908b |||||||| |||| 00| 0 eng d
040 _aLK-CoMWRAF
_dLK-CoMWRAF
_eLK-CoMWRAF
041 _aeng
082 _a823
_bMOR
245 _aMoral Stories 2
260 _a Ahmadabad :
_bNaveet publishing Ltd,
500 _aInspirational stories for children (A set of 0 books)
650 _aChild Fiction
942 _cBK
999 _c3495
_d3495